Tecnologia da informação para gestão do conhecimento : (Record no. 1216)

MARC details
000 -LÍDER
Campo Fixo de Controle 00997nam a2200289 a 4500
001 - NÚMERO DE CONTROLE
Campo de Controle 1216
003 - IDENTIFICAÇÃO DO NÚMERO DE CONTROLE
Campo de Controle BR-CuiBMT
005 - DATA E HORA DA ÚLTIMA ATUALIZAÇÃO
Campo de Controle 20231201212812.0
008 - DADOS FIXOS
Dados Fixos 231124s2005 spba 000 0 por d
020 ## - INTERNATIONAL STANDARD BOOK NUMBER
Nº do ISBN 8575161245
040 ## - AGÊNCIA CATALOGADORA
Código da Agência Catalogadora BR-CuiBMT
Agência que transcreveu o registro BR-CuiBMT
080 ## - Nº DA CLASSIFICAÇÃO DECIMAL UNIVERSAL
Nº edição CDU 658:004
Nº Class. CDU 2007
090 ## - NÚMERO DE CHAMADA
Nº classificação 658:004
Cutter T255
245 00 - TÍTULO PRINCIPAL
Título principal Tecnologia da informação para gestão do conhecimento :
Subtítulo teoria e estudo em organizações /
Indicação de responsabilidade organizadores: Cândido Ferreira da Silva Filho, Lucas Frazão Silva.
260 ## - PUBLICAÇÃO, DISTRIBUIÇÃO, ETC.
Local de publicação Campinas, SP :
Editora Alínea,
Data 2005.
300 ## - DESCRIÇÃO FÍSICA
N. páginas ou volumes 160 p. :
Ilustrações il. ;
Dimensões 21 cm
490 1# - INDICAÇÃO DE SÉRIE
Título da série Coleção administração & sociedade
504 ## - NOTA DE BIBLIOGRAFIA, ETC.
Nota de bibliografia Inclui bibliografia.
650 ## - ASSUNTO TÓPICO
Cabeçalho tópico ou nome geográfico Conhecimento
Subdivisão geral Gestão
650 ## - ASSUNTO TÓPICO
Cabeçalho tópico ou nome geográfico Inovações tecnológicas
650 ## - ASSUNTO TÓPICO
Cabeçalho tópico ou nome geográfico Mudança organizacional
650 ## - ASSUNTO TÓPICO
Cabeçalho tópico ou nome geográfico Tecnologia da informação
700 ## - ENTRADA SECUNDÁRIA -- NOME PESSOAL
Nome pessoal Silva Filho, Cândido Ferreira da
Cód. do termo explicativo org.
700 ## - ENTRADA SECUNDÁRIA -- NOME PESSOAL
Nome pessoal Silva, Lucas Frazão,
Datas associadas ao nome 1958-
Cód. do termo explicativo org.
830 ## - ENTRADA SECUNDÁRIA DE SÉRIE -- TÍTULO UNIFORME
Título uniforme Administração & sociedade
942 ## - ELEMENTOS DE ENTRADA ADICIONAIS (KOHA)
Fonte de classificação ou esquema de arquivamento Classificação Decimal Universal
Tipo de item do Koha Livros
Holdings
Estado: removido Estado: perdido Fonte de classificação ou esquema de arquivamento Estado: danificado Indisponível para empréstimo Localização permanente Localização atual Data de aquisição Total Checkouts Número de Chamada completo Código de barras Date last seen Número do exemplar Preço efetivo a partir de Tipo de item (Koha)
    Classificação Decimal Universal     Biblioteca da Escola Superior de Contas do TCE/MT Biblioteca da Escola Superior de Contas do TCE/MT 02/04/2019   658:004 T255 BIBTCEMT23120018 01/12/2023 Ex. 1 01/12/2023 Livros

Powered by Koha